Health, medicine and exercise. Travel and holidays. Culture, customs and traditions all over the world. Level 1: английский язык; 1 курс неязыковых факультетов ТПУ; учебно-методический комплекс

Manylion Llyfryddiaeth
Awdur Corfforaethol: Томский политехнический университет (ТПУ) Институт международного образования и языковой коммуникации (ИМОЯК)
Awduron Eraill: Ляпунова К. В. Ксения Викторовна (составитель), Богданова М. А. Марина Анатольевна, Себро О. Ю. Ольга Юрьевна
Iaith:Saesneg
Cyhoeddwyd: Томск, Изд-во ТПУ, 2009
Fformat: MixedMaterials Llyfr
KOHA link:https://koha.lib.tpu.ru/cgi-bin/koha/opac-detail.pl?biblionumber=172347

MARC

LEADER 00000nlm1a2200000 4500
001 172347
005 20231031164250.0
035 |a (RuTPU)RU\TPU\book\186898 
090 |a 172347 
100 |a 20091211d2009 m y0rusy50 ca 
101 0 |a eng 
102 |a RU 
181 0 |a i  
182 0 |a b 
200 1 |a Health, medicine and exercise. Travel and holidays. Culture, customs and traditions all over the world. Level 1  |b Электронный ресурс  |e английский язык  |e 1 курс неязыковых факультетов ТПУ  |e учебно-методический комплекс  |f Томский политехнический университет (ТПУ), Институт международного образования и языковой коммуникации (ИМОЯК) ; сост. К. В. Ляпунова ; М. А. Богданова ; О. Ю. Себро 
203 |a Текст  |c электронный 
210 |a Томск  |c Изд-во ТПУ  |d 2009 
702 1 |a Ляпунова  |b К. В.  |g Ксения Викторовна  |4 220 
702 1 |a Богданова  |b М. А.  |g Марина Анатольевна  |4 220 
702 1 |a Себро  |b О. Ю.  |g Ольга Юрьевна  |4 220 
712 0 2 |a Томский политехнический университет (ТПУ)  |b Институт международного образования и языковой коммуникации (ИМОЯК)  |2 stltpush  |3 (RuTPU)RU\TPU\col\12075 
801 2 |a RU  |b 63413507  |c 20091211  |g RCR 
942 |c CF